| 000 | 00528nam a2200181 a 4500 | ||
|---|---|---|---|
| 005 | 20231128063923.0 | ||
| 008 | 991125s1979 mx 000 0 spa u | ||
| 035 | _aUPN01000026487 | ||
| 049 | _aCG | ||
| 050 | 4 |
_aF1220 _bV5.3 |
|
| 100 | 1 |
_aVilloro, Luis, _d1922-2014 |
|
| 245 | 1 | 4 |
_aLos grandes momentos del indigenismo en México / _cLuis Villoro. |
| 260 |
_aMéxico : _bCIESAS, _c1979. |
||
| 300 | _a248 p. | ||
| 440 | 0 |
_aEdiciones de La Casa Chata ; _v9 |
|
| 650 | 4 |
_aIndígenas de México _xHistoria _912765 |
|
| 905 | _aLibro | ||
| 999 |
_c26487 _d26487 |
||